| 000 | 00394nam a2200157Ia 4500 | ||
|---|---|---|---|
| 008 | 230917s9999||||xx |||||||||||||| ||und|| | ||
| 040 |
_e30287 _aMAIN |
||
| 041 | _aEnglish | ||
| 082 | _a658.3 T737P | ||
| 100 | _aTripathi, P C | ||
| 245 | 0 | _aPersonnel management and industrial relations | |
| 250 | _a13th ed. | ||
| 260 |
_aNew Delhi _bSultan _c1998 |
||
| 300 | _axiv, 543 p. | ||
| 942 | _cBK | ||
| 999 |
_c102632 _d102632 |
||